000 00370nam a2200145Ia 4500
008 230711s9999||||xx |||||||||||||| ||und||
041 _aENG
082 _a720
_bGE-M
100 _aGeeta,Doctor
245 4 _aThe mystery of redhot ruby the secrete of bessein greak
250 _a1st Ed.
260 _c1993
_aNew Delhi
_bPenguin Books
650 _aLiterature
942 _cBK
999 _c3227
_d3227